000 00569nam a2200181Ia 4500
999 _c4064
_d4064
020 _a81-7223-448-1
082 _a320.954 MAL-; SL1
100 _aMalhotra, Inder
245 0 _aDynasties of India and beyond: Pakistan Sri Lanka Bangadesh
260 _aNew Delhi
_bHarperCollins Publishers India
_c2003
300 _a363
504 _aincludes index
650 _aIndia - Politics and government
650 _aPakistan - Politics and government
650 _aBangladesh - Politics and government
650 _aSri Lanka - Politics and government
942 _cBK